| 000 | 01609 a2200289 4500 | ||
|---|---|---|---|
| 003 | Nust | ||
| 005 | 20221121120108.0 | ||
| 010 | _a 2006284445 | ||
| 020 | _a0071456872 (pbk.) | ||
| 040 | _cNust | ||
| 082 | 0 | 0 | _a515.35,BRO |
| 100 | 1 |
_aBronson, Richard. _936440 |
|
| 245 | 1 | 0 |
_aSchaum's outlines of differential equations / _cRichard Bronson, Gabriel B. Costa. |
| 246 | 3 | 0 | _aDifferential equations |
| 250 | _a3rd ed. | ||
| 260 |
_aNew York : _bMcGraw-Hill, _cc2006. |
||
| 300 |
_axiv, 385 p. : _bill. ; _c28 cm. |
||
| 490 | 0 | _aSchaum's outline series | |
| 505 | _aBasic Concept, An Introduction to Modeling and Qualitive Methods, Classification of first order Differential Equations, Separable First Order Differential Equations, Separable First Order Differential Equations, Exact First Order Differential Equations, Linear First Order Differential Equations, Applications of first Differential Equations, Linear Differential Equations Theory or solutions, Second Order Linear Differential equations, The Method of Undetermined Coefficients, Variations of Parameters, Second order Boundary Value Problems, Eigen function Expansions, An Introduction to difference Equations. | ||
| 650 | 0 |
_aDifferential equations _9688 |
|
| 650 | 0 |
_aDifferential equations _9688 |
|
| 700 | 1 |
_aBronson, Richard. _936440 |
|
| 700 | 1 |
_aCosta, Gabriel B. _9102214 |
|
| 856 | 4 | 2 |
_3Contributor biographical information _uhttp://www.loc.gov/catdir/enhancements/fy0703/2006284445-b.html |
| 856 | 4 | 2 |
_3Publisher description _uhttp://www.loc.gov/catdir/enhancements/fy0703/2006284445-d.html |
| 942 |
_2ddc _cBK _k515.35,BRO |
||
| 999 |
_c189457 _d189457 |
||